Komuniké z rokovania predsedníctva ZMOS Bratislava 19. júla 2005

Bibliographic Details
Main Author: Sýkora, Michal, 1953- (Author)
Format: Article
Language:Slovak
Subjects:

MARC

LEADER 00000nab a2200000 a 4500
001 vtls008294846
003 SK-MaSNL
005 20260303075250.0
008 050818c2005 xo wr|p|||||||000 b|slo
015 |a SNBRBL2005/08  |2 snkbucl 
038 |a SNKBUCL 
040 |a SNKBUCL  |b slo  |c SNKBUCL  |e AACR2 
041 0 |a slo 
044 |a xo  |c SK 
080 |a 352  |x (437.6)  |2 UDC-MRF-SK2 
080 |a 061.25  |2 UDC-MRF-SK2 
100 1 |a Sýkora, Michal,  |d 1953-   |4 aut  |9 105790 
245 1 0 |a Komuniké z rokovania predsedníctva ZMOS  |b Bratislava 19. júla 2005  |c Michal Sýkora 
610 2 7 |a Združenie miest a obcí Slovenska.  |b Predsedníctvo   |2 snkbucl  |9 877116 
648 7 |a 2005  |2 snkbucl  |9 305506 
650 0 7 |a zasadanie  |2 snkbucl  |9 280253 
650 0 7 |a komuniké  |2 snkbucl  |9 885495 
773 0 |t Obecné noviny  |g Roč. XV, č. 34 (2005), s. 3 
852 |a SNK  |b KIS3GCP 
999 |c 1775021  |d 1776951